Anales históricos de la revolución de la América Latina, acompañados de los documentos en su apoyo, desde el año 1808 hasta el reconocimiento de la Independencia de ese extenso continente.
Guardat en:
| Autor principal: | |
|---|---|
| Format: | Llibre |
| Idioma: | espanyol |
| Publicat: |
París, Francia
Bailly-Baillière
1864
|
| Matèries: | |
| Etiquetes: |
Afegir etiqueta
Sense etiquetes, Sigues el primer a etiquetar aquest registre!
|
MARC
| LEADER | 00000nam a2200000 a 4500 | ||
|---|---|---|---|
| 001 | UCJ7376 | ||
| 003 | CL-VaPUC | ||
| 005 | 20220802074458.0 | ||
| 008 | 070124e18640000FR |||||||||||||||||spa|d | ||
| 999 | |c 323466 |d 323464 | ||
| 040 | |c Pontificia Universidad Católica de Valparaíso | ||
| 082 | 0 | 4 | |a 980 CAL 1864 |2 21 |
| 100 | 0 | |a Calvo, Carlos |9 515715 | |
| 245 | 1 | 0 | |a Anales históricos de la revolución de la América Latina, acompañados de los documentos en su apoyo, desde el año 1808 hasta el reconocimiento de la Independencia de ese extenso continente. |
| 260 | |a París, Francia |b Bailly-Baillière |c 1864 | ||
| 300 | |a 5 volúmenes. | ||
| 500 | |a 8§, media pasta.- Anteport.- v.: Obras del autor.- Port.- v.: Esta obra sirve de Segundo Período a la Colección Histórica de los Tratados de la América Latina del mismo autor.- Apostillado.- Advierte errata.- Falta v. 3 | ||
| 583 | |a last modification |c 20070124 00:00:00 |k Rodrigo Vera | ||
| 600 | 0 | |a O'higgins Riquelme, Bernardo |9 387808 | |
| 600 | 0 | 7 | |a SAN MARTIN, JOSE DE |2 CL-VaPUC |9 515716 |
| 600 | 0 | |a Bolívar, Simón |d 1783-1830 |9 265422 | |
| 600 | 0 | 7 | |a SUCRE, ANTONIO JOSE DE |2 CL-VaPUC |9 352075 |
| 600 | 0 | |a Miranda, Francisco de, |d 1750-1816 |9 331375 | |
| 650 | 7 | |a REVOLUCION DE LA INDEPENDENCIA |2 CL-VaPUC |9 316035 | |
| 650 | 0 | |a Guerra de la independencia |9 331979 | |
| 650 | 0 | |a Colonización española |9 256592 | |
| 650 | 7 | |a COLONIZACION PORTUGUESA |2 CL-VaPUC |9 403685 | |
| 650 | 7 | |a COLONIZACION FRANCESA |2 CL-VaPUC |9 505837 | |
| 650 | 7 | |a DOCUMENTOS |2 CL-VaPUC |9 366450 | |
| 650 | 0 | |a Correspondencia |9 258963 | |
| 651 | 0 | |a Argentina |9 254888 | |
| 651 | 0 | |a Bolivia |9 255454 | |
| 651 | 0 | |a Colombia |9 256424 | |
| 651 | 7 | |a CHILE |2 CL-VaPUC |9 515717 | |
| 651 | 0 | |a Ecuador |9 258378 | |
| 651 | 0 | |a Paraguay |9 255336 | |
| 651 | 0 | |a Perú |9 256567 | |
| 651 | 0 | |a Uruguay |9 255194 | |
| 651 | 0 | |a Venezuela |9 254993 | |
| 942 | |c BK |2 ddc | ||
| 945 | |d 20070124 00:00:00 |a rinostro | ||
| 952 | |0 0 |1 0 |4 0 |6 980_000000000000000_CAL_1864 |7 0 |8 X |9 403071 |a FDOBUD |b FDOBUD |d 2019-11-22 |h v.1 |i 1062522 |o 980 CAL 1864 |p 1062522 |r 2019-11-22 |t 1 |w 2019-11-22 |y BK_X |k BUD | ||
| 952 | |0 0 |1 0 |4 0 |6 980_000000000000000_CAL_1864 |7 0 |8 X |9 403072 |a FDOBUD |b FDOBUD |d 2019-11-22 |h v.2 |i 1062530 |o 980 CAL 1864 |p 1062530 |r 2019-11-22 |t 1 |w 2019-11-22 |y BK_X |k BUD | ||
| 952 | |0 0 |1 0 |4 0 |6 980_000000000000000_CAL_1864 |7 0 |8 X |9 403073 |a FDOBUD |b FDOBUD |d 2019-11-22 |h v.4 |i 1062549 |o 980 CAL 1864 |p 1062549 |r 2019-11-22 |t 1 |w 2019-11-22 |y BK_X |k BUD | ||
| 952 | |0 0 |1 0 |4 0 |6 980_000000000000000_CAL_1864 |7 0 |8 X |9 403074 |a FDOBUD |b FDOBUD |d 2019-11-22 |h v.5 |i 1062557 |o 980 CAL 1864 |p 1062557 |r 2019-11-22 |t 1 |w 2019-11-22 |y BK_X |k BUD | ||
| 952 | |0 0 |1 0 |4 0 |6 980_000000000000000_CAL_1864 |7 0 |8 X |9 403075 |a FDOBUD |b FDOBUD |d 2019-11-22 |h v.3 |i 455728K |o 980 CAL 1864 |p 455728K |r 2019-11-22 |t 1 |w 2019-11-22 |y BK_X |k BUD | ||